000 00424nam a2200169Ia 4500
005 20250508161602.0
008 008 250505s9999 xx 000 0 eng d
037 _aTextual
040 _aFEDL
_beng
_cFEDL
041 _aeng
_2eng
084 _a428, BHA
_qFEDL
100 _aBhandari C S
245 0 _aRead and write : Book three
300 _a96p.
942 _cTEXL
_h428, BHA
999 _c1370938
_d1370938